000 00468nam a22001817a 4500
003 CEME
005 20210628202449.0
008 210122b xxu||||| |||| 00| 0 eng d
020 _a1-84112-141-X
040 _c.
082 _a658 LAN
100 _aLangdon, Ken
_960007
245 _aThe 100 greatest sales ideas of all time
260 _aNEW YORK
_bCAPSTONE
_c2003
300 _aXVI,138 P
650 _aGREATEST SALES IDEAS OF ALL TIME
_960016
942 _cBK
_2ddc
999 _c569859
_d569859